000
00299nam a22001337a 4500
008
170915b xxu||||| |||| 00| 0 eng d
020
_a
9780671475017
041
_a
eng
080
_a
77
100
_a
44
101
_a
ART
245
_a
COMPLETE PHOTOGRAPHY COURSE
_c
HEDGECOS.J
942
_2
udc
_c
BK
999
_c
27768
_d
27768